000 00508nam a22001937a 4500
999 _c7504
_d7504
003 OSt
005 20211119110638.0
008 211119b ||||| |||| 00| 0 eng d
020 _a0321312651
040 _cDDC
050 _a330 ECO 2005
082 _26ed
_a330 ECO 2005
100 _aParkin Micheal
_915365
245 _aEconomics:
_bStudy Guide
260 _aEngland
_bPearson education limited
_c2005
300 _aviii,490p,:
_bill,; (some col)
_c24cm
650 _aEconomics
_9975
942 _2ddc
_cO_SHELF